TLC importancia y perspectivas de los servicios financieros /

Сохранить в:
Библиографические подробности
Главный автор: Manrique Campos, Irma
Формат: Текст
Предметы:
Метки: Добавить метку
Нет меток, Требуется 1-ая метка записи!

MARC

LEADER 00000 a a2200000 04500
001 46010
003
040 |a CRAI/IIS  |c CRAI/IIS 
100 |a Manrique Campos, Irma  
245 |a TLC importancia y perspectivas de los servicios financieros /  |c Irma Manrique Campos  
650 |a TLC  
650 |a TRATADO DE LIBRE COMERCIO  
773 |g número58 (1991), páginas 9-13  
999 |c 18550  |d 18550